| 000 | 00368 a2200157 4500 | ||
|---|---|---|---|
| 001 | 47266 | ||
| 020 | _a9788561695521 | ||
| 040 | _cAnchieta - Aquarius | ||
| 100 | _aBarbiere, Stela | ||
| 240 | 1 | 0 |
_aO jabuti, a baleia e a anta _lpor |
| 245 | 1 | 0 | _aO jabuti, a baleia e a anta |
| 300 | _a32p. | ||
| 362 | 0 | _a2015 | |
| 650 | 4 | _aLiteratura infanto-juvenil | |
| 942 | _cBK | ||
| 999 |
_c47266 _d47266 |
||